00372 a2200109 4500001001000000005001700010008004100027245008400068100002400152773006900176999001700245ART_1411620260410161912.0260409a 10aRelationship between macroeconomic time series in a fixed exchange rate economy1 aLeiderman, Leonardo0 tEuropean economic reviewg- Vol. 14, NÂș 1 (jul. 1980)wREV13346 c26890d26890